|
|
|
|
| LEADER |
00000cam a2200000 7i4500 |
| 001 |
0000027189 |
| 005 |
20180530.0 |
| 008 |
090820 |
| 020 |
|
|
|a 967690242X
|
| 020 |
|
|
|a 9789676902429
|
| 090 |
0 |
0 |
|a 131.32
|b KOP
|
| 100 |
0 |
|
|a Kopmeyer, M. R.
|
| 245 |
1 |
0 |
|a Bagaimana memenuhi keinginan anda :
|b M. R. Kopmeyer
|
| 260 |
|
|
|a Kuala Lumpur :
|b Thinker's Library ,
|c 1997
|
| 440 |
|
|
|a Siri petua mencapai kejayaan
|
| 500 |
|
|
|a Terjemahan dari : Howto get Whatever you want by M. R. Kopmeyer
|
| 650 |
|
0 |
|a Success
|
| 700 |
1 |
|
|a Baharuddin Ayudin
|
| 700 |
1 |
|
|a Zarina Musa
|
| 999 |
|
|
|a 0000891348
|b Book
|c Adult Collection
|e Cawangan Kota Tinggi
|
| 999 |
|
|
|a 0000891349
|b Book
|c Adult Collection
|e Cawangan Mersing
|
| 999 |
|
|
|a 0000952616
|b Book
|c Adult Collection
|e Cawangan Mersing
|
| 999 |
|
|
|a 0001058777
|b Book
|c Adult Collection
|e Perbadanan Perpustakaan Awam Johor
|
| 999 |
|
|
|a 0001058778
|b Book
|c Adult Collection
|e Perbadanan Perpustakaan Awam Johor
|
| 999 |
|
|
|a 0001058779
|b Book
|c Adult Collection
|e Perbadanan Perpustakaan Awam Johor
|
| 999 |
|
|
|a 0001058780
|b Book
|c Adult Collection
|e Cawangan Mersing
|